| 000 | 00528nam a2200217 a 4500 | ||
|---|---|---|---|
| 999 |
_c5140 _d5140 |
||
| 001 | 5140 | ||
| 003 | BD-JhCC | ||
| 005 | 20180212190937.0 | ||
| 008 | 171209s1977 bg |||| ||a| 000 0 eng d | ||
| 035 | _a(BD-JhCC) 5140 | ||
| 040 |
_aBD-JhCC _dBD-JhCC |
||
| 041 | _aeng | ||
| 082 |
_a907 _bWOR 1977 |
||
| 245 |
_aThe World at A Glance / _c Dr. M.A. Aziz...[et.all] |
||
| 260 |
_aDhaka : _c1977 |
||
| 300 |
_a186 p .: _c20 cm . |
||
| 650 |
_aWorld History _vFacts |
||
| 700 | _aAziz, M.A. | ||
| 942 |
_2ddc _cBK |
||